Rappers by Descriptions - Statistics

General Stats
  • This quiz has been taken 852 times
    386 since last reset
  • The average score is 15 of 20
Answer Stats
Hint Answer % Correct
Also known as Slim Shady Eminem
99%
Ex-husband of Kim Kardashian Kanye West
95%
Chunky rapper who opposed Tupac The Notorious B.I.G
94%
Recently Tore Drake apart in a series of diss tracks Kendrick Lamar
93%
Also known as Drizzy Drake
91%
Rainbow-haired bozo 6ix9ine
90%
LA native who smokes a whole lotta weed Snoop Dogg
88%
Florida native who is depressed and released "Sad" XXXtentacion
87%
He had a good day Ice Cube
86%
He had no role models J. Cole
86%
Big-time rapper who represented the West Coast in the '90s Tupac
86%
Rapper who discovered Eminem Dr. Dre
82%
The lyrics of his song, "Murder on my Mind," happened to come true for him YNW Melly
80%
Invented a new language, aka Cartinese Playboi Carti
75%
Rapper who famously became gay and received massive hate Lil Nas X
67%
Britain's finest Central Cee
59%
Let's Go Dababy
44%
Notorious for being a snitch Gunna
44%
He had his dreams and nightmares Meek Mill
40%
Invented Drill rap Chief Keef
39%
No matching quizzes found
Score Distribution
Percent of People with Each Score
Percentile by Number Answered
Your Score History
You have not taken this quiz since the last reset